000 01333cam a22004094a 4500
001 muse70651
003 MdBmJHUP
005 20210127151207.0
006 m o d
007 cr||||||||nn|n
008 710628s1971 hiu o 00 0 eng d
010 _z 76152467
020 _a9780824878931
020 _z0870225294
035 _a(OCoLC)1054013431
040 _aMdBmJHUP
_cMdBmJHUP
041 0 _aengmap
050 0 4 _aPL5582
_b.M48
082 0 _a499/.21
100 1 _aMintz, Malcolm Warren.
245 1 0 _aBikol Grammar Notes
_cby Malcolm W. Mintz.
264 1 _bUniversity of Hawaii Press,
264 3 _bProject MUSE,
300 _a1 online resource (279 p.)
490 0 _aPacific and Asian Linguistics Institute. PALI language texts: Philippines
506 0 _aOpen Access
_fUnrestricted online access
_2star
588 _aDescription based on print version record.
650 0 _aBikol language
_xGrammar.
655 7 _aElectronic books.
_2local
710 2 _aProject Muse.
_edistributor
830 0 _aBook collections on Project MUSE.
856 4 0 _zFull text available:
_uhttps://muse.jhu.edu/book/61301/
999 _c24962
_d24962